Study on equal channel angular extrusion of circular cross section components and its application for joining dissimilar metals /
محفوظ في:
| المؤلف الرئيسي: | |
|---|---|
| التنسيق: | أطروحة كتاب |
| اللغة: | English |
| منشور في: |
2016.
|
| الموضوعات: | |
| الوصول للمادة أونلاين: | http://studentsrepo.um.edu.my/id/eprint/6612 |
| الوسوم: |
إضافة وسم
لا توجد وسوم, كن أول من يضع وسما على هذه التسجيلة!
|
| LEADER | 01530cam a2200349 i 4500 | ||
|---|---|---|---|
| 001 | u1037566 | ||
| 003 | SIRSI | ||
| 005 | 201608040923 | ||
| 008 | 160804s2016 my a m 000 0 eng | ||
| 040 | |a UMM |d UMJ |d AUM |e rda | ||
| 090 | |a TJ7 |b UMP 2016 Jaf | ||
| 097 | |a TJ7 |b UMP 2016 Jaf | ||
| 100 | 1 | |a Jafarlou, Davoud Mashhadi, |e author. | |
| 245 | 1 | 0 | |a Study on equal channel angular extrusion of circular cross section components and its application for joining dissimilar metals / |c Davoud Mashhdi Jafarlou. |
| 264 | 1 | |c 2016. | |
| 264 | 4 | |c 2016. | |
| 300 | |a xx, 159 leaves : |b illustrations ; |c 30 cm. | ||
| 336 | |a text |2 rdacontent | ||
| 337 | |a unmediated |2 rdamedia | ||
| 338 | |a volume |2 rdacarrier | ||
| 502 | |b Ph.D. |c Jabatan Kejuruteraan Mekanik, Fakulti Kejuruteraan, Universiti Malaya |d 2016. | ||
| 504 | |a Bibliography: leaves 146-158. | ||
| 650 | 0 | |a Plastics at high pressures. | |
| 650 | 0 | |a Dissimilar welding. | |
| 650 | 0 | |a Deformations (Mechanics) | |
| 710 | 2 | |a Universiti Malaya. |b Jabatan Kejuruteraan Mekanik, |e degree granting instution. | |
| 856 | 4 | 1 | |u http://studentsrepo.um.edu.my/id/eprint/6612 |
| 900 | |a NSR NSM AMA | ||
| 596 | |a 1 7 25 | ||
| 999 | |a TJ7 UMP 2016 JAF |w LC |c 1 |i A516502613 |d 9/11/2016 |f 9/11/2016 |g 1 |l STACKS |m P01UTAMA |r Y |s Y |t TESIS |u 7/11/2016 |1 STEM | ||
| 999 | |a TJ7 UMP 2016 JAF |w LC |c 1 |i A516557890 |d 3/3/2017 |f 3/3/2017 |g 1 |l STACKS |m P07JURUTER |r N |s Y |t TESIS |u 3/3/2017 |1 STEM | ||
| 999 | |a TJ7 UMP 2016 JAF |w LC |c 1 |i A517139285 |d 16/10/2018 |f 16/10/2018 |g 2 |l STACKS |m P25UMARCHI |r Y |s Y |t CD |u 9/10/2018 |1 STEM | ||
